| 000 | 00536 a2200169 4500 | ||
|---|---|---|---|
| 003 | Nust | ||
| 005 | 20230131094816.0 | ||
| 040 | _cNust | ||
| 082 | _a297.63, CHU | ||
| 100 |
_aChaudhry ,Mohammad Arshad _9108154 |
||
| 245 |
_aMoments of Reverence _cMajor General Mohamad Arshad Chaudhry |
||
| 260 |
_aRawalpindi _bService Book Club _c1993 |
||
| 300 | _a79:p | ||
| 505 | _aIntroduction (Page-1) , The Life History Of Prophet Muhammad From Birth Till Death (Pages-3 To 79). | ||
| 650 |
_aMoments of Reverence _9108155 |
||
| 942 |
_2ddc _cBK |
||
| 999 |
_c185624 _d185624 |
||